| 000 | 00451nam a2200181Ia 4500 | ||
|---|---|---|---|
| 005 | 20250423100740.0 | ||
| 008 | 250422s9999 xx 000 0 und d | ||
| 020 | _a0-07-213095-4 | ||
| 050 | _aHF 5679 .L825/ | ||
| 100 | _aKathy Ivens | ||
| 245 | 0 | _aQuickBooks 2001 The Official Guide | |
| 260 | _aCalifornia | ||
| 260 | _bOsborne/Mcgraw Hill Companies Inc | ||
| 260 | _c2001 | ||
| 300 | _a504 p | ||
| 650 | _aFinancial Software | ||
| 942 | _cBK | ||
| 999 |
_c34230 _d34230 |
||